|
|
|
|
| LEADER |
02004nam a22003854a 4500 |
| 001 |
EBC3375492 |
| 003 |
MiAaPQ |
| 005 |
20200520144314.0 |
| 006 |
m o d | |
| 007 |
cr cn||||||||| |
| 008 |
990312s1999 dcua sb 001 0 eng |
| 010 |
|
|
|z 99006262
|
| 020 |
|
|
|z 0309071526
|
| 035 |
|
|
|a (MiAaPQ)EBC3375492
|
| 035 |
|
|
|a (Au-PeEL)EBL3375492
|
| 035 |
|
|
|a (CaPaEBR)ebr10038770
|
| 035 |
|
|
|a (OCoLC)923256772
|
| 040 |
|
|
|a MiAaPQ
|c MiAaPQ
|d MiAaPQ
|
| 050 |
|
4 |
|a HD1761
|b .N37 1999
|
| 082 |
0 |
4 |
|a 338.1/0973
|2 21
|
| 110 |
2 |
|
|a National Research Council (U.S.).
|b Panel to Study the Research Program of the Economic Research Service.
|
| 245 |
1 |
0 |
|a Sowing seeds of change
|h [electronic resource] :
|b informing public policy in the Economic Research Service of USDA /
|c John F. Geweke ... [et al.] editors.
|
| 260 |
|
|
|a Washington, D.C. :
|b National Academy Press,
|c c1999.
|
| 300 |
|
|
|a ix, 164 p. :
|b ill.
|
| 500 |
|
|
|a "Panel to Study the Research Program of the Economic Research Service, Committee on National Statistics, Commission on Behavioral and Social Sciences and Education, National Research Council."
|
| 504 |
|
|
|a Includes bibliographical references (p. 147-152) and index.
|
| 505 |
0 |
|
|a Overview -- Informed public economic policy -- The lessons of history -- Current issues and problems -- Evaluation as a framework for management -- Administration of research, information, and policy analysis -- Organization and placement.
|
| 533 |
|
|
|a Electronic reproduction. Ann Arbor, MI : ProQuest, 2015. Available via World Wide Web. Access may be limited to ProQuest affiliated libraries.
|
| 610 |
1 |
0 |
|a United States.
|b Dept. of Agriculture.
|b Economic Research Service.
|
| 650 |
|
0 |
|a Agriculture
|x Economic aspects
|z United States.
|
| 650 |
|
0 |
|a Agriculture and state
|z United States.
|
| 655 |
|
4 |
|a Electronic books.
|
| 700 |
1 |
|
|a Geweke, John.
|
| 710 |
2 |
|
|a ProQuest (Firm)
|
| 856 |
4 |
0 |
|u https://ebookcentral.proquest.com/lib/matrademy/detail.action?docID=3375492
|z Click to View
|